Statistics for Transcontinental countries

Click here to take the quiz!

General Stats

  • This quiz has been taken 33 times
  • The average score is 5 of 6

Answer Stats

ContinentsCountry% Correct
Asia/EuropeRussia
100%
Asia/EuropeTurkey
100%
Africa/AsiaEgypt
97%
Asia/EuropeAzerbaijan
83%
Asia/EuropeKazakhstan
76%
Asia/EuropeCyprus
69%

Score Distribution

Percentile by Number Answered

Percent of People with Each Score

Your Score History

You have not taken this quiz